000 00460nam a2200193 a 4500
001 1761372659771
003 ACL
005 20251025114242.0
008 251025s2010##################000#0#eng##
020 _a9780136080404
082 0 4 _a658.7
_bCHO
100 1 _aChopra, Sunil,
_eauthor.
245 1 0 _aSupply Chain Management :
260 _c2010.
300 _a536 pages
650 0 _aBusiness & Economics.
942 _cENGLISH
040 _aACL
_beng
_cACL
999 _c593629
_d593629